000 00381nam a22001697a 4500
005 20160628093114.0
008 160628b xxu||||| |||| 00| 0 eng d
020 _a81-7058-340-3
041 _aeng
082 _b10532
100 _aSri Aurohindo
_93007
245 _aSavitri
260 _bSri Aurobindo Ashram
_c2001
300 _a825
650 _aManagement
_9241
942 _cBK
999 _c4349
_d4348